| 000 | 00458nam a22001577a 4500 | ||
|---|---|---|---|
| 999 |
_c67707 _d67707 |
||
| 005 | 20181117120054.0 | ||
| 020 |
_a8175344911 _c165.00 |
||
| 035 | _aB-167922 B-167923 | ||
| 037 |
_aDPL _bENG |
||
| 100 | _aKumar, H.L. | ||
| 245 |
_aLabour laws : _bEverybody should know / _cby H.L. Kumar |
||
| 250 | _a3rd ed. | ||
| 260 |
_aNew Delhi _bUniversal Law Publishing Co. _c2006 |
||
| 300 |
_axxi, 304p. _c20 cms. |
||
| 942 |
_2ddc _cEN _h344.01 _mKUM |
||